| 000 | 01725nam a2200433 c 4500 | ||
|---|---|---|---|
| 999 |
_c35242 _d35242 |
||
| 003 | BLK | ||
| 005 | 20240812133213.0 | ||
| 008 | 180408b bul|||||r ||||||| ||bul|| | ||
| 010 | _aKNG00037971000 | ||
| 040 | _aBLK | ||
| 041 |
_aBUL _cBUL |
||
| 072 | 7 |
_2bullib _aК _xКраезнание |
|
| 080 |
_aОбразователна политика. Образование и общественост _b37.014 _x(497.2) _z37.014(497.2) |
||
| 080 |
_aАрхивистика. Архиви _b930.25 _z930.25 |
||
| 139 |
_aИз архивата на Министерството на народното просвещение 1878/79-1884/85 _bИ 35 |
||
| 245 | 1 | 0 |
_aИз архивата на Министерството на народното просвещение 1878/79-1884/85 _cсъстав. Никола Иванов Ванков. |
| 257 | _aBGR | ||
| 260 |
_c1905 _fСофия : Държ. печ. |
||
| 300 |
_a458 с. _c23 см |
||
| 380 | _a3 | ||
| 650 | 4 |
_aОбразование и просвета - България _9262383 |
|
| 650 | 4 |
_aБългария - образование и просвета _9274208 |
|
| 651 | 4 |
_aБългария _9241624 |
|
| 653 | _aобразование | ||
| 653 | _aпросветна дейност | ||
| 653 | _aдокументи | ||
| 653 | _aархиви | ||
| 653 | _aминистерства | ||
| 659 | _aК | ||
| 700 | 1 |
_aВанков, Никола Иванов _eсъстав. _9274207 |
|
| 852 | _aЦб 3.230.12387 | ||
| 852 | _aК 37/И 35 | ||
| 856 | 4 | _qpdf | |
| 856 | 4 | _qpdf | |
| 942 |
_cKNG _n0 _s1 _01 |
||
| 944 |
_aCR _c13.03.2015 _k30563 _lИвелин Русев |
||
| 944 |
_aED _c13.03.2015 _kВаля_Йорданова |
||
| 999 | _d35242 | ||